Daňový systém SR a jeho vplyv na vývoj hospodárstva bakalárska práca
Guardado en:
| Autor principal: | |
|---|---|
| Autor Corporativo: | |
| Otros Autores: | |
| Formato: | Libro |
| Lenguaje: | eslovaco |
| Publicado: |
Bratislava
2013
|
| Etiquetas: |
Sin Etiquetas, Sea el primero en etiquetar este registro!
|
MARC
| LEADER | 00000nbm a2200000 4500 | ||
|---|---|---|---|
| 001 | 0172594 | ||
| 005 | 20161109112104.3 | ||
| 041 | 0 | |a slo | |
| 044 | |a SK | ||
| 245 | 1 | 0 | |a Daňový systém SR a jeho vplyv na vývoj hospodárstva |b bakalárska práca |c Veronika Vaneková ; školiteľ: Peter Kopkáš |
| 264 | 1 | |a Bratislava |c 2013 | |
| 300 | |a 43 s. | ||
| 100 | 1 | |a Vaneková, Veronika | |
| 700 | 1 | |a Kopkáš, Peter | |
| 710 | 2 | |a Národohospodárska fakulta EU. Katedra hospodárskej politiky | |